Viajes por México durante los años (Record no. 1324)

MARC details
000 -CABECERA
campo de control de longitud fija 01034nam a2200241 a 4500
001 - NÚMERO DE CONTROL
campo de control BRCA_1462
005 - FECHA Y HORA DE LA ÚLTIMA TRANSACCIÓN
campo de control 20190320203435.0
008 - DATOS DE LONGITUD FIJA--INFORMACIÓN GENERAL
campo de control de longitud fija 830624s1996 mx-#---#a#---#000-0#spa-#
020 ## - NÚMERO INTERNACIONAL ESTÁNDAR DEL LIBRO
Número Internacional Estándar del Libro 9682989868 (CONACULTA)
020 ## - NÚMERO INTERNACIONAL ESTÁNDAR DEL LIBRO
Número Internacional Estándar del Libro 968753303X (Siquisirí)
050 #4 - SIGNATURA TOPOGRÁFICA DE LA BIBLIOTECA DEL CONGRESO
Número de clasificación F1211
Número de documento/Ítem .G55 1996
100 1# - ENTRADA PRINCIPAL--NOMBRE DE PERSONA
Nombre de persona Gilliam, Albert M.
9 (RLIN) 4785
245 10 - MENCIÓN DE TÍTULO
Título Viajes por México durante los años
Resto del título 1843 y 1844
Mención de responsabilidad, etc. Albert M. Gilliam ; traducción, prólogo y notas Pablo García Cisneros.
260 ## - PUBLICACIÓN, DISTRIBUCIÓN, ETC.
Lugar de publicación, distribución, etc. México
Nombre del editor, distribuidor, etc. Mirada Viajera : CONACULTA : Siquisirí
Fecha de publicación, distribución, etc. 1996
300 ## - DESCRIPCIÓN FÍSICA
Extensión 426 p.
Dimensiones 21 cm.
500 ## - NOTA GENERAL
Nota general Apéndice I. Cuadro de equivalencias monedas, pesos y medidas mexicanas. Apéndice II. Itinerario de viajero Albert M. Gilliam (1843-1844)
500 ## - NOTA GENERAL
Nota general Traducción de : Travels in México, during the years 1843 and 1844
651 #4 - PUNTO DE ACCESO ADICIONAL DE MATERIA--NOMBRE GEOGRÁFICO
Nombre geográfico México
Subdivisión general Descripción y viajes
9 (RLIN) 103
651 #4 - PUNTO DE ACCESO ADICIONAL DE MATERIA--NOMBRE GEOGRÁFICO
Nombre geográfico Costa pacifíco
Subdivisión de forma Catálogos
Subdivisión general Descripción y viajes
9 (RLIN) 4786
653 0# - TÉRMINO DE INDIZACIÓN--NO CONTROLADO
Término no controlado Viajeros extranjeros en México
700 1# - PUNTO DE ACCESO ADICIONAL--NOMBRE DE PERSONA
Nombre de persona García Cisneros, Pablo
9 (RLIN) 4175
942 ## - ELEMENTOS DE PUNTO DE ACCESO ADICIONAL (KOHA)
Fuente del sistema de clasificación o colocación Library of Congress Classification
Tipo de ítem Koha Libros
Holdings
Estado de retiro Estado de pérdida Estado dañado No para préstamo Localización permanente Ubicación/localización actual Fecha de adquisición Total de préstamos Signatura topográfica completa Código de barras Fecha visto por última vez Precio válido a partir de Tipo de ítem Koha
El ejemplar forma parte de la colección y puede ser consultado según las políticas vigentes.       Biblioteca del Museo Franz Mayer (Rogerio Casas-Alatriste) Biblioteca del Museo Franz Mayer (Rogerio Casas-Alatriste) 26/06/2008   F1211 .G55 1996 01994 22/03/2019 22/03/2019 Libros